Challenges in the field of library and information science in the new millennium / (Record no. 39243)

MARC details
000 -LEADER
fixed length control field 00881nam a22002297a 4500
005 - DATE AND TIME OF LATEST TRANSACTION
control field 20100804141227.0
010 ## - LCCN (DPL NO)
LC control number ENG-98189
020 ## - INTERNATIONAL STANDARD BOOK NUMBER
Terms of availability 350.00
035 ## - SYSTEM CONTROL NUMBER
System control number EN-81722
037 ## - SOURCE OF ACQUISITION
Source of stock number/acquisition DBAD/PUB
082 ## - DEWEY DECIMAL CLASSIFICATION NUMBER
Classification number 025.04
245 ## - TITLE STATEMENT
Title Challenges in the field of library and information science in the new millennium /
Statement of responsibility, etc edited by C. Murali Krishna [and] K. Veeranjaneyulu
260 ## - PUBLICATION, DISTRIBUTION, ETC. (IMPRINT)
Place of publication, distribution, etc Kuppam
Name of publisher, distributor, etc Dravidian University
Date of publication, distribution, etc 2009
270 ## - ADDRESS
Address Srinivasavanam
City Kuppam
Postal code 517425
300 ## - PHYSICAL DESCRIPTION
Extent v, 245p.
Dimensions 22cm (pbk)
650 ## - SUBJECT ADDED ENTRY--TOPICAL TERM
Topical term or geographic name as entry element Library and information science
650 ## - SUBJECT ADDED ENTRY--TOPICAL TERM
Topical term or geographic name as entry element Electronic reference services
700 ## - ADDED ENTRY--PERSONAL NAME
Personal name Krishna, C. Murali
9 (RLIN) 6084
700 ## - ADDED ENTRY--PERSONAL NAME
Personal name Veeranjaneyulu
9 (RLIN) 6085
942 ## - ADDED ENTRY ELEMENTS (KOHA)
Source of classification or shelving scheme Dewey Decimal Classification
Item type English Books
Classification part 025.04
Call number suffix CHA
Holdings
Withdrawn status Lost status Not for loan Collection code Home library Current library Date acquired Source of acquisition Cost, normal purchase price Full call number Barcode Copy number Cost, replacement price Koha item type
    Not For Loan Non-fiction D.B.Act.Division D.B.Act.Division 04/08/2010 DBAD/PUB 350.00 025.04 CHA EN-81722 1 350.00 English Books

© Delhi Public Library
Hit Counter
free hit counter